The college writer : (Record no. 1171)

000 -LEADER
fixed length control field 01089cam a22003137a 4500
003 - CONTROL NUMBER IDENTIFIER
control field CaAEU
005 - DATE AND TIME OF LATEST TRANSACTION
control field 20210624080047.0
008 - FIXED-LENGTH DATA ELEMENTS--GENERAL INFORMATION
fixed length control field 030512s2004 mau a 001 0 eng d
020 ## - INTERNATIONAL STANDARD BOOK NUMBER
International Standard Book Number 0618405410
040 ## - CATALOGING SOURCE
Transcribing agency ALUPE UNIVERSITY
050 00 - LIBRARY OF CONGRESS CALL NUMBER
Classification number PE1408
Item number .C54367 2004
090 ## - LOCALLY ASSIGNED LC-TYPE CALL NUMBER (OCLC); LOCAL CALL NUMBER (RLIN)
Classification number (OCLC) (R) ; Classification number, CALL (RLIN) (NR) 808.042 C697 2004
090 ## - LOCALLY ASSIGNED LC-TYPE CALL NUMBER (OCLC); LOCAL CALL NUMBER (RLIN)
Classification number (OCLC) (R) ; Classification number, CALL (RLIN) (NR) PE1408 .C54367 2004
Local cutter number (OCLC) ; Book number/undivided call number, CALL (RLIN) AEGMCT
245 04 - TITLE STATEMENT
Title The college writer :
Remainder of title a guide to thinking, writing and researching /
Statement of responsibility, etc. Randall VanderMey ... [et al.].
260 ## - PUBLICATION, DISTRIBUTION, ETC.
Place of publication, distribution, etc. Boston :
Name of publisher, distributor, etc. Houghton Mifflin,
Date of publication, distribution, etc. c2004.
300 ## - PHYSICAL DESCRIPTION
Extent 700 p. :
Other physical details ill. +;
Accompanying material 2 CD-ROM
336 ## - CONTENT TYPE
Content type term text
Content type code txt
Source rdacontent
337 ## - MEDIA TYPE
Media type term unmediated
Media type code n
Source rdamedia
338 ## - CARRIER TYPE
Carrier type term volume
Carrier type code nc
Source rdacarrier
650 #0 - SUBJECT ADDED ENTRY--TOPICAL TERM
Topical term or geographic name entry element English language
General subdivision Rhetoric.
650 #0 - SUBJECT ADDED ENTRY--TOPICAL TERM
Topical term or geographic name entry element Report writing.
700 1# - ADDED ENTRY--PERSONAL NAME
Personal name VanderMey, Randall.
942 ## - ADDED ENTRY ELEMENTS (KOHA)
Source of classification or shelving scheme
Koha item type Book
Suppress in OPAC MM
Holdings
Withdrawn status Lost status Source of classification or shelving scheme Damaged status Not for loan Permanent Location Current Location Shelving location Date acquired Total Checkouts Full call number Barcode Date last seen Date last checked out Price effective from Koha item type Public note
          AU LIBRARY AU LIBRARY Open Shelf 24.06.2021 1 PE1408 .C54367 2004 28000603 18.10.2021 18.10.2021 24.06.2021 Book MM

Powered by Koha